Normal view
MARC view
- فقه اسلامي-الفتوى الشرعية- الكويت
Entry Topical Term
001 - CONTROL NUMBER
- control field: 43720
003 - CONTROL NUMBER IDENTIFIER
- control field: JO-AjAnu
005 - DATE AND TIME OF LATEST TRANSACTION
- control field: 20230606081238.0
008 - FIXED-LENGTH DATA ELEMENTS
- fixed length control field: 230606|| aca||aabn | a|a d
040 ## - CATALOGING SOURCE
- Original cataloging agency: JO-AjAnu
- Transcribing agency: JO-AjAnu
150 ## - HEADING--TOPICAL TERM
- Topical term or geographic name entry element: فقه اسلامي-الفتوى الشرعية- الكويت
670 ## - SOURCE DATA FOUND
- Source citation: Work cat.: (JO-AjAnu)22383: وزارة الأوقاف والشؤون الاسلامية, author 43719, هيئة الفتوى الشرعية في الكويت (نشأتها- لجانها- عملها)